<The> new paradigm for financial markets: the credit crisis of 2008 and what it means
Recenzia na publikáciu: <The> new paradigm for financial markets: the credit crisis of 2008 and what it means od Georga Sorosa. Stručne o autorovi. Podstatné myšlienky novej publikácie. Prierez finančnými trhmi niekoľkých dekád. Stručná charakteristika kapitol.
Salvato in:
| Autore principale: | |
|---|---|
| Natura: | Capitolo di libro |
| Lingua: | inglese |
| Soggetti: | |
| Tags: |
Nessun Tag, puoi essere il primo ad aggiungerne!!
|
MARC
| LEADER | 00000naa$a2200000$$$4500 | ||
|---|---|---|---|
| 001 | 0091195 | ||
| 005 | 20240502072022.3 | ||
| 041 | 0 | |a eng | |
| 044 | |a SK | ||
| 245 | 1 | 0 | |a <The> new paradigm for financial markets: the credit crisis of 2008 and what it means |c Tomáš Dudáš |
| 520 | |a Recenzia na publikáciu: <The> new paradigm for financial markets: the credit crisis of 2008 and what it means od Georga Sorosa. Stručne o autorovi. Podstatné myšlienky novej publikácie. Prierez finančnými trhmi niekoľkých dekád. Stručná charakteristika kapitol. | ||
| 610 | 2 | 0 | |a recenzie |
| 610 | 2 | 0 | |a trh finančný |
| 610 | 2 | 0 | |a trh finančný medzinárodný |
| 610 | 2 | 0 | |a kríza |
| 610 | 2 | 0 | |a kríza finančná |
| 100 | 1 | |a Dudáš, Tomáš, 1976- | |